El postimpresionismo: de van Gogh a Gauguin
I tiakina i:
| Kaituhi matua: | |
|---|---|
| Hōputu: | Pukapuka |
| Reo: | Pāniora |
| I whakaputaina: |
Madrid
Alianza
1982
|
| Rangatū: | Alianza Forma, 31
|
| Ngā marau: | |
| Ngā Tūtohu: |
Tāpirihia he Tūtohu
Kāore He Tūtohu, Me noho koe te mea tuatahi ki te tūtohu i tēnei pūkete!
|
MARC
| LEADER | 00000nam a2200000 a 4500 | ||
|---|---|---|---|
| 001 | UCN0905 | ||
| 003 | CL-VaPUC | ||
| 008 | 010406e19820000SP |||||||||||||||||spa|d | ||
| 082 | 0 | 4 | |a 759.056 |b REW |2 21 |
| 100 | 0 | |a Rewald, John |e author |9 456268 | |
| 245 | 1 | 3 | |a El postimpresionismo: de van Gogh a Gauguin |
| 300 | |a 530 p | ||
| 942 | |c BK | ||
| 945 | |d 20010406 00:00:00 |a crobeson | ||
| 260 | |a Madrid |b Alianza |c 1982 | ||
| 600 | 0 | 7 | |a GOGH, VINCENT VAN |2 CL-VaPUC |9 266905 |
| 600 | 0 | 7 | |a SEURAT, GEORGES |2 CL-VaPUC |9 347272 |
| 600 | 0 | 7 | |a BERNARD, EMILE |2 CL-VaPUC |9 456269 |
| 600 | 0 | 7 | |a GAUGUIN, PAUL |2 CL-VaPUC |9 266118 |
| 650 | 0 | |a Postimpresionismo |9 407295 | |
| 650 | 7 | |a PINTORES POSTIMPRESIONISTAS |2 CL-VaPUC |9 456270 | |
| 650 | 0 | |a Simbolismo en el arte |9 265074 | |
| 583 | |a last modification |c 20010406 00:00:00 |k Rodrigo Vera | ||
| 490 | 0 | |a Alianza Forma, 31 | |
| 999 | |c 294517 |d 294515 | ||